[Event "FRA-ch U18 Girls"]
[Site "Saint Paul Trois Chateaux"]
[Date "2013.05.06"]
[Round "9"]
[White "Ollivier, Clemence"]
[Black "Gely, Lilas"]
[Result "0-1"]
[WhiteElo "1502"]
[BlackElo "1528"]
[PlyCount "80"]
[EventDate "2013.04.28"]
[EventType "swiss"]
[EventRounds "9"]
[EventCountry "FRA"]
[SourceTitle "CBM 154 Extra"]
[Source "ChessBase"]
[SourceDate "2013.06.25"]
[SourceVersion "2"]
[SourceVersionDate "2013.06.25"]
[SourceQuality "1"]

1. e4 e5 2. Nf3 Nc6 3. Bc4 Bc5 4. d3 Nf6 5. 0-0 d6 6. c3 Bg4 7. h3 Bh5 8. Be3 0-0 9. Re1 Bxe3 10. Rxe3 d5 11. exd5 Nxd5 12. Re1 Re8 13. Nbd2 Nf4 14. Ne4 Qd7 15. Bb5 a6 16. Ba4 Qxd3 17. Qxd3 Nxd3 18. Red1 Rad8 19. Bc2 Nf4 20. Ng3 Bxf3 21. gxf3 Nxh3+ 22. Kh2 Nxf2 23. Rxd8 Rxd8 24. Nf5 Rd2 25. Bb3 Nd3+ 26. Kh1 Nc5 27. Rg1 g6 28. Nh6+ Kg7 29. Nf5+ Kf6 30. Ng3 Rxb2 31. Ne4+ Nxe4 32. fxe4 Ke7 33. Rf1 f6 34. Rg1 Na5 35. Bg8 g5 36. Bxh7 Rxa2 37. Rd1 Nc4 38. Rd5 Nd6 39. Rd3 Re2 40. Rh3 Nxe4 0-1

[Event "FRA-ch U18 Girls"]
[Site "Saint Paul Trois Chateaux"]
[Date "2013.05.03"]
[Round "6"]
[White "Ollivier, Clemence"]
[Black "Abbassi, Zeyneb"]
[Result "0-1"]
[WhiteElo "1502"]
[BlackElo "1584"]
[PlyCount "86"]
[EventDate "2013.04.28"]
[EventType "swiss"]
[EventRounds "9"]
[EventCountry "FRA"]
[SourceTitle "CBM 154 Extra"]
[Source "ChessBase"]
[SourceDate "2013.06.25"]
[SourceVersion "2"]
[SourceVersionDate "2013.06.25"]
[SourceQuality "1"]

1. e4 e6 2. d4 d5 3. exd5 exd5 4. Nc3 c6 5. Bd3 Bd6 6. Nge2 Bg4 7. f3 Bh5 8. Bf4 Ne7 9. Bxd6 Qxd6 10. Ng3 Bg6 11. Qe2 0-0 12. Bxg6 hxg6 13. 0-0-0 Nd7 14. Nf1 Rfe8 15. Qd2 Nf5 16. Ne2 Nb6 17. Neg3 Nc4 18. Nxf5 gxf5 19. Qd3 Qb4 20. Qb3 a5 21. a3 Qd6 22. Nd2 Qf4 23. Qd3 Re3 24. g3 Rxd3 25. gxf4 Rxd4 26. Nxc4 Rxc4 27. Rde1 Kf8 28. Re3 Re8 29. Rxe8+ Kxe8 30. Re1+ Kd7 31. Rg1 g6 32. Rg3 Rxf4 33. Rh3 Ke6 34. Kd2 g5 35. Ke3 Rh4 36. Rxh4 gxh4 37. Kf4 Kf6 38. h3 d4 39. c3 dxc3 40. bxc3 b5 41. Ke3 Ke5 42. f4+ Kd5 43. Kd3 c5 0-1

[Event "FRA-ch U16 Girls"]
[Site "Nimes"]
[Date "2012.04.14"]
[Round "1"]
[White "Fischer, Julie"]
[Black "Ollivier, Clemence"]
[Result "1-0"]
[WhiteElo "1841"]
[BlackElo "1500"]
[PlyCount "77"]
[EventDate "2012.04.14"]
[EventType "swiss"]
[EventRounds "9"]
[EventCountry "FRA"]
[SourceTitle "CBM 148 Extra"]
[Source "ChessBase"]
[SourceDate "2012.06.22"]
[SourceVersion "1"]
[SourceVersionDate "2012.06.22"]
[SourceQuality "1"]

1. e4 e5 2. Nf3 Nc6 3. d4 exd4 4. Bc4 Nf6 5. e5 Ng4 6. Bxf7+ Kxf7 7. Ng5+ Kg8 8. Qxg4 Nxe5 9. Qxd4 Qf6 10. Nc3 Qd6 11. Qe4 h6 12. Bf4 hxg5 13. Bxe5 Qc6 14. Qxc6 dxc6 15. 0-0-0 Bc5 16. Ne4 Bb6 17. Rd8+ Kh7 18. Nxg5+ Kg6 19. Rxh8 Kxg5 20. f4+ Kg6 21. Kd2 Ba5+ 22. c3 b5 23. Rg8 Bb7 24. Rxg7+ Kh6 25. Rd7 Rg8 26. Rg1 Bb6 27. Bd4 Bc8 28. Rf7 Rd8 29. Ke3 Re8+ 30. Kf3 Bxd4 31. cxd4 Be6 32. Rf6+ Kg7 33. Rxe6 Rxe6 34. g4 Rd6 35. Rd1 c5 36. d5 c6 37. dxc6 Rxc6 38. Rd7+ Kf8 39. Rxa7 1-0